ბათუმის შოთა რუსთაველის სახელმწიფო უნივერსიტეტის ბიბლიოთეკა

შობადობის სოციოლოგიის საკითხები / (ბიბ.ჩანაწერი № 38068)

000 -ლიდერი
ფიქსირებული სიგრძის საკონტროლო ველი 00991nam a2200229Ia 4500
001 - საკონტროლო ნომერი
საკონტროლო ველი 4054
003 - საკონტროლო ნომრის იდენტიფიკატორი
საკონტროლო ველი GE_BSU
005 - ბოლო ოპერაციის თარიღი და დრო
საკონტროლო ველი 20190930152108.0
008 - ფიქსირებული სიგრძის მონაცემთა ელემენტები - ზოგადი ინფორმაცია
ფიქსირებული სიგრძის საკონტროლო ველი 181216s1984||||ge |||||||||||||| ||geo||
040 ## - კატალოგიზაციის წყარო
Transcribing agency GE_BSU
041 ## - ენის კოდი
Language code of text/sound track or separate title geo
080 ## - უნივერსალური ათობითი კლასიფიკაციის ინდექსი
Universal Decimal Classification number 314.02 წ–35
100 ## - მთავარი ჩანაწერი - პიროვნების სახელი
Personal name წულაძე, გიორგი
9 (RLIN) 4394
245 ## - ცნობა სათაურის შესახებ
Title შობადობის სოციოლოგიის საკითხები /
Statement of responsibility, etc რედ. გ. ყორანაშვილი.
264 ## - წარმოების, გამოცემის, დისტრიბუციის და სხვა ცნობები
გამოცემის, წარმოების, დისტრიბუციის... ადგილი თბ. :
გამოცემის, წარმოების, დისტრიბუციის... სახელწოდება მეცნიერება,
გამოცემის, წარმოების, დისტრიბუციის... თარიღი 1984.
300 ## - ფიზიკური აღწერა
Extent 178 გვ.;
Other physical details 21 სმ.
520 ## - SUMMARY, ETC.
Summary, etc რეზ. რუს.
653 ## - INDEX TERM--UNCONTROLLED
Uncontrolled term შობადობის სოციოლოგია
700 ## - ADDED ENTRY--PERSONAL NAME
Personal name ყორანაშვილი, გ.
Relator term რედაქტორი
9 (RLIN) 3705
711 ## - ADDED ENTRY--MEETING NAME
Meeting name or jurisdiction name as entry element ივ. ჯავახიშვილის სახ. ისტ., არქეოლოგიისა და ეთნოგრაფიის ინ-ტი.
9 (RLIN) 4395
942 ## - ADDED ENTRY ELEMENTS (KOHA)
Koha item type წიგნი
Source of classification or shelving scheme
ეგზემპლარები
ჩამოწერის სტატუსი დაკარგული ეგზემპლარის სტატუსი კლასიფიკაციის წყარო ან თაროზე გაწყობის სქემა დაზიანების სტატუსი არ გაიცემა მუდმივი მდებარეობა (დაცვის ადგილი) ამჟამინდელი ადგილსამყოფელი თაროზე განთავსების ადგილი შეძენის თარიღი ღირებულება, შესყიდვის ნორმალური ფასი სრული შენახვის შიფრი შტრიხკოდი ბოლო ოპერაციის თარიღი ეგზემპლარის მიმდევრობითი ნომერი (კეტერი?) ფასის ძალაში შესვლის თარიღი ეგზემპლარის სახეობა საჯარო შენიშვნა
          ბათუმის შოთა რუსთაველის სახელმწიფო უნივერსიტეტის მთავარი ბიბლიოთეკა ბათუმის შოთა რუსთაველის სახელმწიფო უნივერსიტეტის მთავარი ბიბლიოთეკა წიგნსაცავი 2018-12-17 1.40 314.02 წ–35 5841 2018-12-17 5841 2018-12-17 წიგნი 1 ლ. 40 თ.